| 000 | 04073ngm a22004095a 4500 | ||
|---|---|---|---|
| 005 | 20161106122649.0 | ||
| 007 | vd mvaizu | ||
| 008 | 161105s200? ua 127 g |||| 0| vzara d | ||
| 028 | _bالشركة العالمية للتليفزيون والسينما (حسين القلا) | ||
| 041 | _hara | ||
| 082 | 0 | 4 |
_a791.4372 _bك ي ت _222 |
| 245 | 0 | 2 |
_aالكيت كات _h[تسجيل مرئي] / _cإنتاج الشركة العالمية للتليفزيون والسينما ؛ المنتج المنفذ فتحي يسري ؛ سيناريو وإخراج داود عبد السيد. |
| 260 |
_aالقاهرة : _bالسبكي فيلم، _c[200?] |
||
| 300 |
_a1 قرص مرئي (127 دق.) : _bنا.، لو. ؛ _c4 3/4 بو. |
||
| 500 | _aالفيلم مأخوذ عن رواية مالك الحزين / تأليف إبراهيم أصلان. | ||
| 500 | _aإهداء إلى فنان السينما المصرية أنسي أبو سيف. | ||
| 500 | _aالفيلم يشتمل على مجموعة من الأغاني وهى (أغنية ورق الفل، أغنية الصهبجية، أغنية يللا بينا) تأليف صلاح جاهين، سيد حجاب ؛ تلحين سيد مكاوي، إبراهيم رجب. | ||
| 508 | _aموسيقى تصويرية، راجح داود، سيد مكاوي، إبراهيم رجب ؛ المنتج المنفذ، فتحي يسري ؛ مونتاج، عادل منير ؛ مدير التصوير، محسن أحمد ؛ إنتاج، حسين القلا ؛ سيناريو وإخراج داود عبد السيد. | ||
| 511 | _aمحمود عبد العزيز، عايدة رياض، نجاح الموجي، شريف منير، جيهان نصر، أمينة رزق. | ||
| 520 | _aفي حى الكيت كات، تبدو شخصية الشيخ حسنى الكفيف كراصد ليوميات أبناء الحى ونبض لهمومه الحقيقية التي يتسامى عليها رغم فقدانه البصر وزوجته وعمله، يعيش مع أمه المسنة وابنه الشاب المحبط، دون أن يتخلى عن الأمل والبسمة والضحكة، وينطلق للتعبير عن هوايته للغناء ليلا في جلسات تدخين المخدرات لينسى واقعه المظلم بعد بيع منزله.. لا يجد يوسف ابن حسنى وظيفة عقب تخرجه من الجامعة، كما يفشل في العثور على عقد عمل بالخارج وتكشف علاقته بجارته الشابة المطلقة فاطمة عن إصابته بعجز جنسى، عندما يموت أحد أبناء الحى، يحضر الشيخ حسنى واجب العزاء ومع إغفال غلق مكبر الصوت عقب انتهاء تلاوة القرآن يكشف الشيخ حسنى عن فضائح بعض أهالي الكيت كات ليسمعها الجميع، ومنها خيانة المعلم هرم لصديقه المريض مع زوجته الحسناء، وهروب روايح من زوجها الصائغ متبلد الإحساس، وحتى علاقته الخاصة بأم روايح وعلاقة ابنه بفاطمة. | ||
| 538 | _aقرص مرئي (DVD) | ||
| 546 | _aالفيلم باللغة العربية. | ||
| 650 | 0 |
_aالأفلام السينمائية _zمصر _y1990-1999. _2BUEsh |
|
| 650 | 0 |
_aالأفلام الاجتماعية. _2BUEsh |
|
| 650 | 0 |
_aالأفلام الكوميدية. _2BUEsh |
|
| 655 | 0 |
_aروائي، اجتماعي كوميدي. _2BUEsh |
|
| 700 | 1 |
_a يسري، فتحي، _eمنتج. |
|
| 700 | 1 |
_aعبد السيد، داود، _eسيناريست، _eمخرج. |
|
| 700 | 1 |
_aعبد العزيز، محمود، _eممثل. _921277 |
|
| 700 | 1 |
_aرياض، عايدة، _eممثل. |
|
| 700 | 1 |
_aموجي، نجاح، _eممثل. |
|
| 700 | 1 |
_aمنير، شريف، _eممثل. |
|
| 700 | 1 |
_aنصر، جيهان، _eممثل. |
|
| 700 | 1 |
_aرزق، أمينة، _eممثل. |
|
| 710 | 2 |
_aالشركة العالمية للتليفزيون والسينما، _eمنتج. |
|
| 942 |
_2ddc _cDVD |
||
| 999 |
_c23024 _d22996 |
||